Loading...

White-collar crime /

Bibliographic Details
Other Authors: Geis, Gilbert
Format: Printed Book
Language:English
Published: New York : Free Press a divison of Macmillan pub co, 1977.
LEADER 00430nam a2200121Ia 4500
008 150624b xxu||||| |||| 00| 0 eng d
082 |a 364.1 
245 |a White-collar crime / 
260 |a New York :  |b Free Press a divison of Macmillan pub co,  |c 1977. 
700 |a Geis, Gilbert 
942 |c BK 
999 |c 31431  |d 31431 
952 |0 0  |1 0  |4 0  |6 364_100000000000000_GEI_W  |7 0  |9 31430  |a UL  |b UL  |c ST2  |d 1998-09-01  |l 0  |o 364.1 GEI/W  |p 43060  |r 2012-10-27  |w 2012-10-27  |y BK